000 00786nmm a2200265 a 4500
001 ocm000785854
003 TR-IsHL
005 20201028143526.0
008 140413s2014 tu eng
007 cr cn
020 _a9781312023987
035 _a785854
_b(N$T)
050 0 4 _aDC611.M898
_bR7 2014
090 0 4 _aDC611.M898
_bR7 2014
100 1 _aRooke, Octavius
245 1 0 _aThe life of the Moselle
_h[electronic resource] /
_cOctavius Rooke
260 _aİstanbul :
_bE-Kitap Projesi,
_c2014
300 _a194 p.
650 4 _aTarih
650 4 _aHistory
650 0 _aMoselle nehri
650 0 _aMoselle river
650 7 _aHISTORY / Europe / France
_2bisacsh
856 4 0 _uhttp://search.ebscohost.com/login.aspx?direct=true&scope=site&db=e011xww&AN=785854
999 _c8944
_d8944